00348nam a2200121Ia 4500008004100000020001500041082002000056100002100076245003100097260004500128650002500173650002800198220204s9999 xx 000 0 und d a0120007843 a631/635bADV.86 aSparks, Donald L 0aAdvances in agronomy. V.86 aAmsterdambElsevier Academic Pressc2005 aCarbon sequestration aIsoflavone biosynthesis